History of Hindu Imperialism (Record no. 4743)

MARC details
000 -LEADER
fixed length control field 00594nam a2200241 a 4500
020 ## - INTERNATIONAL STANDARD BOOK NUMBER
ISBN
082 00 - DEWEY DECIMAL CLASSIFICATION NUMBER
Classification number 306.0899145
Author Cutter THE1
100 ## - MAIN ENTRY--AUTHOR NAME
Author name Theerthan, Swami Dharma
245 ## - TITLE STATEMENT
Title History of Hindu Imperialism
260 ## - PUBLICATION, DISTRIBUTION, ETC. (IMPRINT)
Place of publication Trivandrum
Name of publisher L.M.S.Book Depot
Year of publication 0000
300 ## - PHYSICAL DESCRIPTION
Number of Pages 47p
500 ## - GENERAL NOTE
General note includes index and biblioraphy
505 2# - FORMATTED CONTENTS NOTE
Formatted contents note Index
650 ## - SUBJECT ADDED ENTRY--TOPICAL TERM
Topical Term Caste-India
942 ## - ADDED ENTRY ELEMENTS (KOHA)
Koha item type Books
700 1# -
-- Theerthan, Swami Dharma
Holdings
Home library Current library Date acquired Cost, normal purchase price Full call number Accession Number Koha item type
Henry Martyn Institute Library Henry Martyn Institute Library 04/04/2018 100.00 306.0899145 THE1 06102 Books
Henry Martyn Institute Library Henry Martyn Institute Library 04/04/2018 100.00 306.0899145 THE1 017191 Books
                   Copyright © 2026 | Henry Martyn Institute | Hyderabad | TS-500052 | INDIA | Implemented by hmi.edu.in
Hit-Count:

Powered by Koha